000 00794nam a22002415i 4500
001 174691
003 ES-MaACL
005 20240611125737.0
008 100519s2004 sp |||| | spa d
020 _a84-7522-898-4
080 _a821.134.2-14"19"
100 1 _aJiménez, Juan Ramón,
_d1881-1958
_966417
245 1 0 _aPlatero y yo :
_b(selección) /
_cJuan Ramón Jiménez ; [textos leídos por María Teresa León].
260 _aMadrid :
_bVisor Libros,
_c[2004]
300 _a74 p. :
_bil. ;
_c13 x 15 cm +
_e1 CD audio.
490 1 _aDe viva voz ;
_v4
597 _aFormato disco-libro
655 4 _aAudiolibros.
_9174154
700 1 _aLeón, María Teresa,
_d1903-1988
_971586
830 1 _aDe viva voz ;
_v4
_9189439
852 4 _aES-MaACL
_j2301-F-4
999 _c174691
_d174691